Feathers /

Hlavní autor: Bóková, Nikol, 1991-
Korporativní autor: Nikol Bóková Trio
Jazyk: Nelze použít, není lingvistický obsah
Vydáno: [Praha] : Soleil et Pluie, [2024]
Témata:
Fyzický popis: 1 gramofonová deska (31:13) ; 30 cm
Vydáno též na CD audio
Zvukové nahrávky
Uloženo v:
LEADER 02089njm a2200541 i 4500
001 001931018
003 CZ BrMZK
005 20260305130957.0
007 sd cumennmpuud
008 250402t20242024xr jznng n zxx
015 |a cnb003668271 
024 3 |a 0788364844071 
028 0 1 |a SEP 1007 LP  |b Soleil et Pluie 
028 1 3 |a 293320M1  |b Soleil et Pluie 
028 1 3 |a 293320M2  |b Soleil et Pluie 
040 |a BOA001  |b cze  |e rda 
045 |a y-y- 
048 |a ka01  |a sd01  |a pn01 
072 7 |a 786/789  |x Hudba pro jednotlivé nástroje  |2 Konspekt  |9 9 
080 |a 78.036.9.011.26  |2 MRF 
080 |a 785.73  |2 MRF 
080 |a (086.72)  |2 MRF 
100 1 |a Bóková, Nikol,  |d 1991-  |7 ola20201072023  |4 cmp  |4 itr 
245 1 0 |a Feathers /  |c Nikol Bóková 
264 1 |a [Praha] :  |b Soleil et Pluie,  |c [2024] 
264 4 |c ℗2024 
300 |a 1 gramofonová deska (31:13) ;  |c 30 cm 
306 |a 003113 
336 |a hraná hudba  |b prm  |2 rdacontent 
337 |a audio  |b s  |2 rdamedia 
338 |a audiodisk  |b sd  |2 rdacarrier 
340 |a vinyl  |2 rda 
344 |a analog  |c 45 ot/min  |2 rda 
382 0 1 |a klavír  |n 1  |a kontrabas  |n 1  |a bicí  |n 1  |s 3 
500 |a Název z etikety 
505 0 0 |t Feather No. 1  |g (5:33) --  |t Feather No. 2  |g (3:04) --  |t Feather No. 3  |g (3:41) --  |t Feather No. 4  |g (3:21) --  |t Feather No. 5  |g (3:16) --  |t Feather No. 6  |g (3:09) --  |t Feather No. 7  |g (4:10) --  |t Feather No. 8  |g (3:12) --  |t Afterfeather  |g (1:47) 
511 0 |a Nikol Bóková Trio (Nikol Bóková, klavír ; Martin Kocián, kontrabas ; Michal Wierzgoń, bicí) 
518 |o Nahráno  |d 15. září 2024  |p Studio 1 Českého rozhlasu, Praha 
530 |a Vydáno též na CD audio 
648 7 |a 21. století  |7 ch460559  |2 czenas 
650 0 7 |a jazz  |7 ph121330  |z Česko  |y 21. století  |2 czenas 
655 7 |a tria  |7 fd979996  |2 czenas 
655 7 |a gramofonové desky  |7 fd186718  |2 czenas 
710 2 |a Nikol Bóková Trio  |7 olak20261289150  |4 itr 
910 |a BOA001  |b LP-1543.253 
990 |a AV 
991 |b 202510 
996 6 |b 2611000442  |c LP-1543.253  |l MZK  |r Sklad / do 24 hodin  |n 0  |p p.v.  |w 002001779  |u 000010  |a 1  |e BOA001  |j MZK50  |s P